书目信息 |
| 题名: |
背离亲缘
|
|
| 作者: | 所罗门 著 ;简萱靓 , 谢忍翾 译 | |
| 分册: | 下 | |
| 出版信息: | 长沙 湖南科学技术出版社 2018 |
|
| 页数: | 2册(400;379页) | |
| 开本: | 24cm | |
| 丛书名: | ||
| 单 册: | ||
| 中图分类: | G764 | |
| 科图分类: | ||
| 主题词: | 儿童教育--特殊教育 | |
| 电子资源: | ||
| ISBN: | 978-7-5357-9433-8 | |
| 000 | 01169nam0 2200253 450 | |
| 001 | 6041 | |
| 005 | 20180530165014.76 | |
| 010 | @a978-7-5357-9433-8@dCNY74.00 | |
| 100 | @a20180412d2018 em y0chiy50 ea | |
| 101 | 1 | @achi@ceng |
| 102 | @aCN@b430000 | |
| 105 | @ay z 000yy | |
| 200 | 1 | @a背离亲缘@9bei li qin yuan@e那些与众不同的孩子、他们的父母以及他们寻找身份认同的故事@dFar from the tree@eparents, children and the searchfor identity@h下@f(美)安德鲁·所罗门(Andrew Solomon)著@g简萱靓,谢忍翾译@zeng |
| 210 | @a长沙@c湖南科学技术出版社@d2018 | |
| 215 | @a2册(400;379页)@d24cm | |
| 330 | @a本书兼具心理学和社会学的意义,从心理学来分析社会问题发展,从社会角度探讨心理疾病起源。分上下册各六章。上册处理的主题为听障、侏儒、唐氏综合征、自闭症及精神分裂症,下册处理的主题为身心障碍、神童、遭奸成孕、罪犯、跨性别。 | |
| 510 | 1 | @aFar from the tree@eparents, children and the searchfor identity@zeng |
| 606 | 0 | @a儿童教育@x特殊教育 |
| 690 | @aG764@v5 | |
| 701 | 0 | @c(美)@a所罗门@9suo luo men@c(Solomon, Andrew)@4著 |
| 702 | 0 | @a简萱靓@9jian xuan liang@4译 |
| 702 | 0 | @a谢忍翾@9xie ren xuan@4译 |
| 801 | 0 | @aCN@b91MARC@c20180412 |
| 905 | @aMuseLib@dG764@e114:2 | |
| 背离亲缘:那些与众不同的孩子、他们的父母以及他们寻找身份认同的故事=Far from the tree:parents, children and the searchfor identity.下/(美)安德鲁·所罗门(Andrew Solomon)著/简萱靓,谢忍翾译.-长沙:湖南科学技术出版社,2018 |
| 2册(400;379页);24cm |
| ISBN 978-7-5357-9433-8:CNY74.00 |
| 本书兼具心理学和社会学的意义,从心理学来分析社会问题发展,从社会角度探讨心理疾病起源。分上下册各六章。上册处理的主题为听障、侏儒、唐氏综合征、自闭症及精神分裂症,下册处理的主题为身心障碍、神童、遭奸成孕、罪犯、跨性别。 |
| ● |
| 相关链接 |
|
|
|
|
正题名:背离亲缘
索取号:G764/114:2
 
预约/预借
| 序号 | 登录号 | 条形码 | 馆藏地/架位号 | 状态 | 备注 |
| 1 | 1115803 | 211158030 | 第一样本阅览室/ [索取号:G764/114:2] | 在馆 | |
| 2 | 1115804 | 211158049 | 第四借阅区/ [索取号:G764/114:2] | 在馆 |